My first book about Jesus / (Record no. 103920)
[ view plain ]
| 000 -LEADER | |
|---|---|
| fixed length control field | 00448nam a2200145 a 4500 |
| 005 - DATE AND TIME OF LATEST TRANSACTION | |
| control field | 20140412111310.0 |
| 008 - FIXED-LENGTH DATA ELEMENTS--GENERAL INFORMATION | |
| fixed length control field | 030416s19uu xx 00 eng d |
| 050 ## - LIBRARY OF CONGRESS CALL NUMBER | |
| Classification number | M 220.9 |
| Item number | J71Je 1953 |
| 100 ## - MAIN ENTRY--PERSONAL NAME | |
| Personal name | Jones, Mary Alice |
| 245 ## - TITLE STATEMENT | |
| Title | My first book about Jesus / |
| Statement of responsibility, etc | by Mary Alice Jones ; illustrated by Robert Hatch. |
| 260 ## - PUBLICATION, DISTRIBUTION, ETC. (IMPRINT) | |
| Place of publication, distribution, etc | Philippines : |
| Name of publisher, distributor, etc | Listen-N-Learn Enterprises, |
| Date of publication, distribution, etc | 1953. |
| 300 ## - PHYSICAL DESCRIPTION | |
| Extent | 1 v. (unp.) ; ill. |
| 650 ## - SUBJECT ADDED ENTRY--TOPICAL TERM | |
| Topical term or geographic name as entry element | God |
| Withdrawn status | Lost status | Damaged status | Use restrictions | Home library | Current library | Shelving location | Date acquired | Source of acquisition | Total Checkouts | Full call number | Barcode | Date last seen | Price effective from | Koha item type |
|---|---|---|---|---|---|---|---|---|---|---|---|---|---|---|
| Elizalde Library | Elizalde Library | Main Section | 04/16/2003 | M 220.9 J71Je 1953 | E6107 | 04/12/2014 | 04/12/2014 | Books |